Southville International School and Colleges
Your cart is empty.
  • Cart
  • Lists
    Public lists Eva Luna New books Lux_list list_1
    Your lists Log in to create your own lists
  • Log in to your account
  • Your cookies
  • Search history
Southville International School and Colleges
  • Advanced search
  • Recent comments
  • Most popular
  • Libraries

Log in to your account

Log in with GOOGLE


If you do not have an external account, but do have a local account, you can still log in:

  1. Home
  2. MARC view: Washington and His Comrades in Arms :
Normal view MARC view ISBD view

Washington and His Comrades in Arms : (Record no. 232037)

[ view plain ]
MARC details
000 -LEADER
fixed length control field 00839cam a22002533a 4500
001 - CONTROL NUMBER
control field 2704
003 - CONTROL NUMBER IDENTIFIER
control field PGUSA
005 - DATE AND TIME OF LATEST TRANSACTION
control field 20140828083020.0
008 - FIXED-LENGTH DATA ELEMENTS--GENERAL INFORMATION
fixed length control field 010701s2001||||xxu|||||s|||||000 | eng d
040 ## - CATALOGING SOURCE
Original cataloging agency PGUSA
Language of cataloging eng
042 ## - AUTHENTICATION CODE
Authentication code dc
050 #4 - LIBRARY OF CONGRESS CALL NUMBER
Classification number E201
100 1# - MAIN ENTRY--PERSONAL NAME
Personal name Wrong, George McKinnon,
Dates associated with a name 1860-1948
245 10 - TITLE STATEMENT
Title Washington and His Comrades in Arms :
Remainder of title A Chronicle of the War of Independence
Medium [electronic resource] /
Statement of responsibility, etc George McKinnon Wrong
260 ## - PUBLICATION, DISTRIBUTION, ETC. (IMPRINT)
Name of publisher, distributor, etc Project Gutenberg,
Date of publication, distribution, etc 2001
506 ## - RESTRICTIONS ON ACCESS NOTE
Terms governing access Public domain in the USA.
516 ## - TYPE OF COMPUTER FILE OR DATA NOTE
Type of computer file or data note Electronic text
653 ## - INDEX TERM--UNCONTROLLED
Uncontrolled term United States -- History -- Revolution, 1775-1783
653 ## - INDEX TERM--UNCONTROLLED
Uncontrolled term Washington, George, 1732-1799 -- Military leadership
700 1# - ADDED ENTRY--PERSONAL NAME
Personal name Johnson, Allen,
Dates associated with a name 1870-1931
830 #0 - SERIES ADDED ENTRY--UNIFORM TITLE
Uniform title Project Gutenberg
Volume number/sequential designation 2704
856 40 - ELECTRONIC LOCATION AND ACCESS
Uniform Resource Identifier <a href="http://www.gutenberg.org/ebooks/2704">http://www.gutenberg.org/ebooks/2704</a>
942 ## - ADDED ENTRY ELEMENTS (KOHA)
Koha item type eBooks
Holdings
Withdrawn status Lost status Damaged status Home library Current library Date acquired Total Checkouts Date last seen Price effective from Koha item type
      Project Gutenberg Project Gutenberg 08/28/2014   08/28/2014 08/28/2014 eBooks

Washington and His Comrades in Arms :

APA

Wrong G. M., Johnson A., . (2001). Washington and His Comrades in Arms. : Project Gutenberg.

Chicago

Wrong George McKinnon, Johnson Allen, . 2001. Washington and His Comrades in Arms. : Project Gutenberg.

Harvard

Wrong G. M., Johnson A., . (2001). Washington and His Comrades in Arms. : Project Gutenberg.

MLA

Wrong George McKinnon, Johnson Allen, . Washington and His Comrades in Arms. : Project Gutenberg. 2001.

  • Place hold
  • Print
  • Cite
  • Add to your cart (remove)
  • Save record
    BIBTEX Dublin Core MARCXML MARC (non-Unicode/MARC-8) MARC (Unicode/UTF-8) MARC (Unicode/UTF-8, Standard) MODS (XML) RIS
  • More searches
    Search for this title in:
    Other Libraries (WorldCat) Other Databases (Google Scholar) Online Stores (Bookfinder.com) Open Library (openlibrary.org)

Exporting to Dublin Core...

SOUTHVILLE LIBRARY

Southville International School and Colleges Library

1281 Tropical Ave. Cor. Luxembourg St., BF Homes International, Las Pinas City

Tel. No. 8256374 / 252358 Loc. 117/146

Powered by Koha